{"text_format":"2","workbook":"xlsx","n_sheets":5,"sheets":["CISTERNAS RGNORTE","B.D.I SERVIÇOS (SEM DES.)","B.D.I MATERIAIS (SEM DES.)","COMPOSIÇÕES","Cronograma Físico-Financeiro"],"not_rendered":{"charts":0,"images":2,"macros":0,"external_links":2,"defined_names":4591,"comments":0,"pivot_tables":0},"unopened":[],"bounds":{"document_bytes":16777216,"sheet_cells":100000,"run_cost":"one","rows_first":2000,"rows_last":500,"rows_between":2000,"halvings":0,"cell_chars":16384,"cell_head_chars":4096},"cells_cut":0,"cells_raw":0,"read":"whole","date_system":"1900"}

{"sheet":"CISTERNAS RGNORTE","index":0,"n_rows":69,"n_cols":10,"rows_kept":69,"cut":false,"hidden":false,"merged":[[5,8,5,9],[6,8,6,9],[7,8,7,9],[67,6,67,7],[62,6,62,7],[5,6,5,7],[6,6,6,7],[7,6,7,7],[68,6,68,7],[0,1,0,9],[1,1,1,9],[2,1,2,9],[3,6,3,9],[4,6,4,7],[64,6,64,7],[65,6,65,7],[66,6,66,7],[3,1,3,5],[4,1,4,5],[5,1,5,5],[6,1,6,5],[7,1,7,5],[63,6,63,7],[4,8,4,9]]}
[null,"MINISTÉRIO DO DESENVOLVIMENTO REGIONAL - MDR"]
[null,"COMPANHIA DE DESENVOLVIMENTO DOS VALES DO SÃO FRANCISCO E DO PARNAÍBA"]
[null,"ÁREA DE REVITALIZAÇÃO DAS BACIAS HIDROGRÁFICAS"]
[{"$nulls":6},"BASES DE REFERÊNCIA.: SINAPI / ORSE / DNIT"]
[{"$nulls":6},"BASE",null,"SETEMBRO / 2020"]
["OBJETO:","TRANSPORTE E INSTALAÇÃO DE CISTERNAS PARA CAPTAÇÃO DA ÁGUA DA CHUVA - RIO GRANDE DO NORTE",{"$nulls":4},"BDI SERVIÇOS",null,{"$f":"'B.D.I SERVIÇOS (SEM DES.)'!F32/100","v":0.2545}]
[{"$nulls":6},"BDI MATERIAIS",null,{"$f":"'B.D.I MATERIAIS (SEM DES.)'!F32/100","v":0.10890000000000001}]
[null,"PLANILHA ORÇAMENTÁRIA",{"$nulls":4},"QTD DE CISTERNAS",null,{"$f":"J65","v":1557}]
[]
["ITEM","ESPECIFICAÇÃO DOS SERVIÇOS","CÓDIGO / BASE","UND","QUANTIDADE ESTIMADA / CISTERNA","QUANTIDADE TOTAL","VALOR\nUNIT.\nS/BDI (R$)","VALOR\nUNIT.\nC/BDI (R$)","VALOR\nTOTAL (R$)","VALOR (R$)\n/ CISTERNA "]
[]
["01","SERVIÇOS                                                                                                                                                                                                ",null,null," ",null," ",null,{"$f":"SUBTOTAL(9,I13:I39)","v":2551209.4499999997},{"$f":"I12/$I$8","v":1638.5417148362233}]
[null,"                                                                                                                                                                                                        ",null,null," ",null," ",null," "]
["01.01","SERVIÇOS PRELIMINAES E CANTEIRO DE OBRAS                                                                                                                                                                ",null,null," ",null," ",null,{"$f":"SUBTOTAL(9,I15:I20)","v":532745.77},{"$f":"I14/$I$8","v":342.16170199100839}]
["01.01.01","MOBILIZAÇÃO E DESMOBILIZAÇÃO DE PESSOAL E EQUIPAMENTOS                                                                                                                                                  ","CPU0001","UN",null,1,9399.5400000000009,{"$f":"ROUND(G15+G15*$I$6,2)","v":11791.72},{"$f":"ROUND(ROUND(F15,2)*ROUND(H15,2),2)","v":11791.72}]
["01.01.02","INSTALAÇÃO DE CANTEIRO DE OBRAS (LOCAÇÃO DE IMÓVEL)                                                                                                                                                     ","CPU0002","UN",null,1,26550.3,{"$f":"ROUND(G16+G16*$I$6,2)","v":33307.35},{"$f":"ROUND(ROUND(F16,2)*ROUND(H16,2),2)","v":33307.35}]
["01.01.03","ADMINISTRAÇÃO LOCAL E MANUTENÇÃO DO CANTEIRO DE OBRAS                                                                                                                                                   ","CPU0003","UN",null,1,318239.52999999997,399231.49,399231.49]
["01.01.04","VEÍCULO PICK-UP CABINE DUPLA 4X4 (163 CV), COM AR-CONDICIONADO PARA APOIO À FISCALIZAÇÃO, INCLUINDO DESPESAS COM COMBUSTÍVEL, ÓLEOS, MANUTENÇÃO, LICENCIAMENTO, SEGUROS, IMPOSTOS, ETC.                 ","CPU0004","MÊS",null,7,6474.26,8121.96,56853.72]
["01.01.05","PLACA DE OBRA EM CHAPA DE ACO GALVANIZADO (01 PLACA DE 3,60 X 1,80M POR MUNICÍPIO)                                                                                                                                  ","CPU0005","M2",null,64.800000000000011,388.25,487.06,31561.49]
[null,"                                                                                                                                                                                                        ","              ",null," ",null,null,null," "]
["01.02","INSTALAÇÃO DAS CISTERNAS                                                                                                                                                                    ","              ",null," ",null,null,null,{"$f":"SUBTOTAL(9,I22:I28)","v":893271.92999999993},{"$f":"I21/$I$8","v":573.71350674373787}]
["01.02.01","ESCAVAÇÃO MANUAL - ABERTURA DA CISTERNA - H=80CM                                                                                                                                                        ","CPU0006","M3",7.7,11988.9,44.01,{"$f":"ROUND(G22+G22*$I$6,2)","v":55.21},{"$f":"ROUND(ROUND(F22,2)*ROUND(H22,2),2)","v":661907.17000000004}]
["01.02.02","REGULARIZAÇÃO COM SOLO-CIMENTO TRAÇO 1:20, ESP=10CM                                                                                                                                                     ","CPU0007","M3",0.96,1494.72,68.97999999999999,86.54,129353.07]
["01.02.03","REATERRO COMPACTADO LATERAL, CONFORME ESPECIFICADO EM PROJETO.                                     ","CPU0008","M3",1.1000000000000001,1712.7,22.01,27.61,47287.65]
["01.02.04","ESCAVACAO E CARGA MATERIAL DE JAZIDA 1A CATEGORIA (MATERIAL DE EMPRÉSTIMO)                                                                                                                                                       ","CPU0009","M3",1.62,2522.34,2.62,3.29,8298.5]
["01.02.05","TRANSPORTE LOCAL MATERIAL DE JAZIDA DMT= 10KM - ROD. NÃO PAVIMENTADA (MATERIAL DE EMPRÉSTIMO)                                                                                                                                    ","CPU0010","M3XKM",16.2,25223.4,1.33,1.67,42123.08]
["01.02.06","ESPALHAMENTO DO MATERIAL ESCAVADO NÃO UTILIZADO PARA  ATERRO                                                                                                                                            ","CPU0011","M3",4.53,7053.21,0.49,0.61,4302.46]
[null,"                                                                                                                                                                                                        ","              ",null," ",null,null,null," "]
["01.03","SERVIÇOS COMPLEMENTARES                                                                                                                                                                                 ","              ",null," ",null,null,null,{"$f":"SUBTOTAL(9,I30:I34)","v":1053061.3799999999},{"$f":"I29/$I$8","v":676.33999999999992}]
["01.03.01","ASSENTAMENTO DE TUBOS E CONEXÕES (INCLUSIVE FILTRO SEPARADOR DE FOLHAS E ABRAÇADEIRAS)                                                                                                                                                                        ","CPU0012","M",15,23355,3.49,{"$f":"ROUND(G30+G30*$I$6,2)","v":4.38},{"$f":"ROUND(ROUND(F30,2)*ROUND(H30,2),2)","v":102294.9}]
["01.03.02","CALHA EM CHAPA DE AÇO GALVANIZADO NÚMERO 26. DESENVOLVIMENTO DE 30 CM. INCLUSO TRANSPORTE VERTICAL. (SINAPI 94227 ADAPTADA)                                                                             ","CPU0013","M",16,24912,27.68,34.72,864944.64000000001]
["01.03.03","INSTALAÇÃO DA BOMBA MANUAL (INCLUSIVE CONJUNTO DE SUCÇÃO FLUTUANTE COM MANGUEIRA FLEXIVEL)                                                                                                                                                                             ","CPU0014","UN",1,1557,19.07,23.92,37243.440000000002]
["01.03.04","BLOCO DE ANCORAGEM 25 X 30 X 25CM","CPU0015","UN",1,1557,24.869999999999997,31.2,48578.400000000001]
[null,"                                                                                                                                                                                                        ","              ",null," ",null,null,null," "]
["01.04","TRANSPORTE DAS CISTERNAS                                                                                                                                                                                ","              ",null," ",null,null,null,{"$f":"SUBTOTAL(9,I36:I39)","v":72130.37},{"$f":"I35/$I$8","v":46.3265061014772}]
["01.04.01","TRANSP COMERC DO LOCAL DE ARMAZENAMENTO AO MUNICÍPIO DE INSTALAÇÃO EM RODOVIA PAVIMENTADA","CPU0016","UNXKM",18.25,28415.25,1.27,{"$f":"ROUND(G36+G36*$I$6,2)","v":1.59},{"$f":"ROUND(ROUND(F36,2)*ROUND(H36,2),2)","v":45180.25}]
["01.04.02","TRANSP COMERC COM CAMINHAO CARROCERIA 9 T, RODOVIA PAVIMENTADA, NO MUNICÍPIO DE INSTALAÇÃO","CPU0017","UNXKM",0.95,1479.15,2.6399999999999997,3.31,4895.99]
["01.04.03","TRANSP COMERC COM CAMINHAO CARROCERIA 9 T, RODOVIA EM LEITO NATURAL, NO MUNICÍPIO DE INSTALAÇÃO","CPU0018","UNXKM",2.85,4437.45,3.96,4.97,22054.13]
[null,"                                                                                                                                                                                                        ",null,null," ",null," ",null," "]
["02","FORNECIMENTO DE MATERIAIS",null,null," ",null," ",null,{"$f":"SUBTOTAL(9,I41:I59)","v":12448237.580000002},{"$f":"I40/$I$8","v":7995.0145022479137}]
[]
["02.01","MATERIAIS PARA INSTALAÇÃO DAS CISTERNAS",{"$nulls":6},{"$f":"SUBTOTAL(9,I43:I44)","v":11602468.17},{"$f":"I42/$I$8","v":7451.81}]
["02.01.01","CISTERNA DE POLIETILENO 16.000L, COM EXTRAVASOR ACOPLADO                                                                                                                                                            ","COTAÇÃO","UN",1,1557,6720,{"$f":"ROUND(G43+G43*$I$7,2)","v":7451.81},{"$f":"ROUND(ROUND(F43,2)*ROUND(H43,2),2)","v":11602468.17}]
[]
["02.02","MATERIAIS PARA INSTALAÇÃO DAS CISTERNAS (SERVIÇOS COMPLEMENTARES)",{"$nulls":6},{"$f":"SUBTOTAL(9,I46:I59)","v":845769.41},{"$f":"I45/$I$8","v":543.20450224791273}]
["02.02.01","PLACA DE ALUMINIO ANODIZADO PARA NUMERAÇÃO DAS CISTERNAS","COTAÇÃO","UN",1,1557,2.25,{"$f":"ROUND(G46+G46*$I$7,2)","v":2.5},{"$f":"ROUND(ROUND(F46,2)*ROUND(H46,2),2)","v":3892.5}]
["02.02.02","BOMBA DÁGUA DE MEMBRANA ANGULAR MANUAL, PRODUZIDA EM PLÁSTICO DE ENGENHARIA ATÓXICO, RESISTENTE A EXPOSIÇÃO PROLONGADA AO SOL.","COTAÇÃO","UN",1,1557,132.46,146.88,228692.16]
["02.02.03","CONJUNTO DE SUCÇÃO FLUTUANTE COM MANGUEIRA FLEXIVEL: BOIA 15CM COM ARGOLAS DE FIXAÇÃO, BRAÇADEIRA, CONECTOR ANGULAR PARA TUBOS, 2,5M MANGUEIRA 1\" PVC COM REFORÇO SILICONE ESPIRALADA","COTAÇÃO","UN",1,1557,46.41,51.46,80123.22]
["02.02.04","FILTRO SEPARADOR DE FOLHAS E DETRITOS","COTAÇÃO","UN",0.95,1479.15,68.239999999999995,75.67,111927.28]
["02.02.05","GRELHA HEMISFÉRICA PVC FLEXÍVEL 88MM X 100 MM","COTAÇÃO","UN",0.1,155.69999999999999,24.15,26.78,4169.6499999999996]
["02.02.06","ABRAÇADEIRA TIPO U AÇO PERFILADO ZINCADO 4\"","COTAÇÃO","UN",5,7785,2.5,2.77,21564.45]
["02.02.07","ARRUELA 3/16 ZINCADA","COTAÇÃO","UN",10,15570,7.0000000000000007E-2,0.08,1245.5999999999999]
["02.02.08","TUBO DE PVC PARA ESGOTO PREDIAL DN 100MM ","SINAPI INS - 9836","M",15,23355,"9,16",10.16,237286.8]
["02.02.09","TÊ SANITÁRIO PVC PARA ESGOTO PREDIAL DN 100MM","SINAPI INS - 7091","UN",2,3114,"10,00",11.09,34534.26]
["02.02.10","JOELHO PVC SOLD. 90G PB P/ESGOTO PREDIAL DN 100MM","SINAPI INS - 3520","UN",7,10899,"5,20",5.77,62887.23]
["02.02.11","LUVA SIMPLES PVC P/ESG. PREDIAL DN 100MM","SINAPI INS - 3899","UN",6,9342,"3,97",4.4000000000000004,41104.800000000003]
["02.02.12","CAP PVC, SOLDAVEL, DN 100 MM, SERIE NORMAL, PARA ESGOTO PREDIAL","SINAPI INS - 1200","UN",1,1557,"5,66",6.28,9777.9599999999991]
["02.02.13","BUCHA DE NYLON SEM ABA S8, COM PARAFUSO DE 4,80 X 50 MM EM ACO ZINCADO COM ROSCA SOBERBA, CABECA CHATA E FENDA PHILLIPS","SINAPI INS - 7583","UN",10,15570,"0,50",0.55000000000000004,8563.5]
[]
[null,"VALOR TOTAL DA PLANILHA",{"$nulls":6},{"$f":"SUBTOTAL(9,I12:I59)","v":14999447.030000001},{"$f":"I60/$I$8","v":9633.5562170841367}]
[]
[]
[null,"APAGAR ANTES DE ENVIAR PARA A LICITAÇÃO",{"$nulls":4},"Valor total disponibilizado",null,15000000]
[]
[{"$nulls":6},"Valor p/ cisternas",null,{"$f":"I60","v":14999447.030000001},1557]
[{"$nulls":6},"Valor p/ apoio (10%)",null,{"$f":"I63-I65","v":552.96999999880791},{"$f":"I66/I63","v":3.6864666666587194E-5}]
[{"$nulls":8},{"$f":"I66/I8","v":0.35515093127733327}]
[]
[{"$nulls":6},"Valor cisterna + apoio",null,{"$f":"J60+I67","v":9633.9113680154132}]

{"sheet":"B.D.I SERVIÇOS (SEM DES.)","index":1,"n_rows":36,"n_cols":6,"rows_kept":36,"cut":false,"hidden":false,"merged":[[31,2,31,4],[35,2,36,7],[3,0,3,7],[4,0,4,7],[5,0,5,7],[7,0,7,6],[8,0,8,6]]}
[]
[]
[]
["Ministério do Desenvolvimento Regional"]
["Companhia de Desenvolvimento do Vale do São Francisco e Parnaíba"]
["Codevasf/Sede"]
[]
["DETALHAMENTO DO BDI - SERVIÇOS"]
[]
[]
[]
[]
[null,null,"Item","Descrição dos serviços","Preço de Venda (%)","Custo Direto (%)"]
[]
[null,null,1,"Administração Central (A)",null,0.04]
[]
[null,null,2,"Impostos e Taxas (I)",null,{"$f":"E18+E19+E20+E21","v":8.6499999999999994E-2}]
[null,null,"2.1","ISS",0.05]
[null,null,"2.2","PIS",6.5000000000000006E-3]
[null,null,"2.3","Cofins",0.03]
[null,null,"2.4","CPRB (INSS)",0]
[]
[null,null,"3","Risco, seguro e garantia (R) ",null,{"$f":"E24+E25+E26","v":1.6E-2}]
[null,null,"3.1","Risco",1.2E-2]
[null,null,"3.2","Seguro + garantia",4.0000000000000001E-3]
[]
[]
[null,null,4,"Despesas Financeiras (DF)",null,9.4999999999999998E-3]
[]
[null,null,5,"Lucro (L)",null,7.4999999999999997E-2]
[]
[null,null,"BDI* (%):",null,null,{"$f":"ROUND(((((1+(F15+F23))*(1+F28)*(1+F30)/(1-F17))-1)*100),2)","v":25.45}]
[]
[null,"Considerações:","Acórdão nº 2622/2013 - TCU /Plenário"]
[null,null,"(*) BDI (%) = (((1+(AC+S+R+G))*(1+DF)*(1+L)/(1-I))-1)*100"]
[null,null,"* Considerando a Lei nº 12.844/2013 e Acórdão 2293/2013-TCU -Plenário  (Desoneração da Folha de Pagamento)"]

{"sheet":"B.D.I MATERIAIS (SEM DES.)","index":2,"n_rows":36,"n_cols":6,"rows_kept":36,"cut":false,"hidden":false,"merged":[[31,2,31,4],[35,2,36,7],[3,0,3,7],[4,0,4,7],[5,0,5,7],[7,0,7,6],[8,0,8,6]]}
[]
[]
[]
["Ministério do Desenvolvimento Regional"]
["Companhia de Desenvolvimento do Vale do São Francisco e Parnaíba"]
["Codevasf/Sede"]
[]
["DETALHAMENTO DO BDI - FORNECIMENTO DE MATERIAIS"]
[]
[]
[]
[]
[null,null,"Item","Descrição dos serviços","Preço de Venda (%)","Custo Direto (%)"]
[]
[null,null,1,"Administração Central (A)",null,1.4999999999999999E-2]
[]
[null,null,2,"Impostos e Taxas (I)",null,{"$f":"E18+E19+E20+E21","v":3.6499999999999998E-2}]
[null,null,"2.1","ISS",0]
[null,null,"2.2","PIS",6.5000000000000006E-3]
[null,null,"2.3","Cofins",0.03]
[null,null,"2.4","CPRB (INSS)",0]
[]
[null,null,"3","Risco, seguro e garantia (R) ",null,{"$f":"E24+E25+E26","v":8.6E-3}]
[null,null,"3.1","Risco",5.5999999999999999E-3]
[null,null,"3.2","Seguro + garantia",3.0000000000000001E-3]
[]
[]
[null,null,4,"Despesas Financeiras (DF)",null,8.5000000000000006E-3]
[]
[null,null,5,"Lucro (L)",null,3.5000000000000003E-2]
[]
[null,null,"BDI* (%):",null,null,{"$f":"ROUND(((((1+(F15+F23))*(1+F28)*(1+F30)/(1-F17))-1)*100),2)","v":10.89}]
[]
[null,"Considerações:","Acórdão nº 2622/2013 - TCU /Plenário"]
[null,null,"(*) BDI (%) = (((1+(AC+S+R+G))*(1+DF)*(1+L)/(1-I))-1)*100"]
[null,null,"* Considerando a Lei nº 12.844/2013 e Acórdão 2293/2013-TCU -Plenário  (Desoneração da Folha de Pagamento)"]

{"sheet":"COMPOSIÇÕES","index":3,"n_rows":119,"n_cols":8,"rows_kept":119,"cut":false,"hidden":false,"merged":[[0,1,0,7],[1,1,1,7],[2,1,2,7]]}
[null,"MINISTÉRIO DO DESENVOLVIMENTO REGIONAL - MDR"]
[null,"COMPANHIA DE DESENVOLVIMENTO DOS VALES DO SÃO FRANCISCO E DO PARNAÍBA"]
[null,"ÁREA DE REVITALIZAÇÃO DAS BACIAS HIDROGRÁFICAS"]
[]
["OBJETO:","TRANSPORTE E INSTALAÇÃO DE CISTERNAS PARA CAPTAÇÃO DA ÁGUA DA CHUVA - RIO GRANDE DO NORTE"]
[]
["COMPOSICÕES DE CUSTOS UNITÁRIOS DE SERVICOS"]
[]
["ITEM","Fonte","Código","DESCRIÇÃO","Unidade","Quantidade","Preço unitário","Preço total"]
[]
["01.01.01",null,"CPU0001","MOBILIZAÇÃO E DESMOBILIZAÇÃO DE PESSOAL E EQUIPAMENTOS","UN    "]
[null,"Sinapi Serv",73467,"CAMINHÃO TOCO. PBT 14.300 KG. CARGA ÚTIL MÁX. 9.710 KG. DIST. ENTRE EIXOS 3.56 M. POTÊNCIA 185 CV. INCLUSIVE CARROCERIA FIXA ABERTA DE MADEIRA P/ TRANSPORTE GERAL DE CARGA SECA. DIMEN. APROX. 2.50 X 6","CHP   ",80.447991967871474,"102,17",{"$f":"ROUND(F12*G12,2)","v":8219.3700000000008}]
[null,"Sinapi Serv",88316,"SERVENTE COM ENCARGOS COMPLEMENTARES                                                                                                                                                                    ","H     ",80.447991967871474,"14,67",{"$f":"ROUND(F13*G13,2)","v":1180.17}]
[null,null,"01.01.01","Custo Direto Total",null,null,null,{"$f":"SUBTOTAL(9,H12:H13)","v":9399.5400000000009}]
[]
["01.01.02",null,"CPU0002","INSTALAÇÃO DE CANTEIRO DE OBRAS (LOCAÇÃO DE IMÓVEL)","MÊS   "]
[null,"DNIT","Tab. Cons.","ALOJAMENTO/ESCRITÓRIO/ALMOXARIFADO                                                                                                                                                 ","MÊS   ",14,1896.45,{"$f":"ROUND(F17*G17,2)","v":26550.3}]
[null,null,"01.01.02","Custo Direto Total",null,null,null,{"$f":"SUBTOTAL(9,H17:H17)","v":26550.3}]
[]
["01.01.03",null,"CPU0003","ADMINISTRAÇÃO LOCAL E MANUTENÇÃO DO CANTEIRO DE OBRAS","MÊS   "]
[null,"Codevasf","B3","VEÍCULO LEVE 1.3 - TABELA CODEVASF 7SR CÓD B3                                                                                                                                                           ","MÊS   ",14,3251.84,{"$f":"ROUND(F21*G21,2)","v":45525.760000000002}]
[null,"Codevasf","B11","PICK-UP CD 4X4 DIESEL - TABELA CODEVASF 7SR CÓD B11                                                                                                                                                     ","MÊS   ",14,6474.26,90639.64]
[null,"Sinapi Serv",100319,"ENGENHEIRO CIVIL JUNIOR COM ENCARGOS COMPLEMENTARES                                                                                                                                                     ","MES   ",7,"15.642,76",{"$f":"ROUND(F23*G23,2)","v":109499.32}]
[null,"Sinapi Serv",100321,"TÉCNICO EM SEGURANÇA DO TRABALHO COM ENCARGOS COMPLEMENTARES                                                                                                                                            ","MES   ",7,"4.437,17",31060.19]
[null,"Sinapi Serv",93572,"ENCARREGADO GERAL DE OBRAS COM ENCARGOS COMPLEMENTARES                                                                                                                                                  ","MES   ",14,"2.965,33",41514.620000000003]
[null,null,"01.01.03","Custo Direto Total",null,null,null,{"$f":"SUBTOTAL(9,H21:H25)","v":318239.52999999997}]
[]
["01.01.04",null,"CPU0004","VEÍCULO PICK-UP CABINE DUPLA 4X4 (163 CV), COM AR-CONDICIONADO PARA APOIO À FISCALIZAÇÃO, INCLUINDO DESPESAS COM COMBUSTÍVEL, ÓLEOS, MANUTENÇÃO, LICENCIAMENTO, SEGUROS, IMPOSTOS, ETC.","MÊS   "]
[null,"Codevasf","B11","PICK-UP CD 4X4 DIESEL - TABELA CODEVASF 7SR CÓD B11                                                                                                                                                     ","MÊS   ",1,6474.26,{"$f":"ROUND(F29*G29,2)","v":6474.26}]
[null,null,"01.01.04","Custo Direto Total",null,null,null,{"$f":"SUBTOTAL(9,H29)","v":6474.26}]
[]
["01.01.05",null,"CPU0005","PLACA DE OBRA EM CHAPA DE ACO GALVANIZADO (15 PLACAS DE 12M2)","M2    "]
[null,"Sinapi Ins",4417,"SARRAFO DE MADEIRA NAO APARELHADA *2.5 X 7* CM. MACARANDUBA. ANGELIM OU EQUIVALENTE DA REGIAO                                                                                                           ","M     ",1,"3,15",{"$f":"ROUND(F33*G33,2)","v":3.15}]
[null,"Sinapi Ins",4491,"PONTALETE DE MADEIRA NAO APARELHADA *7.5 X 7.5* CM (3 X 3 \") PINUS. MISTA OU EQUIVALENTE DA REGIAO                                                                                                      ","M     ",4,"8,34",33.36]
[null,"Sinapi Ins",4813,"PLACA DE OBRA (PARA CONSTRUCAO CIVIL) EM CHAPA GALVANIZADA *N. 22*. ADESIVADA. DE *2.0 X 1.125* M                                                                                                       ","M2    ",1,"300,00",300]
[null,"Sinapi Ins",5075,"PREGO DE ACO POLIDO COM CABECA 18 X 30 (2 3/4 X 10)                                                                                                                                                     ","KG    ",0.11,"13,12",1.44]
[null,"Sinapi Serv",88262,"CARPINTEIRO DE FORMAS COM ENCARGOS COMPLEMENTARES                                                                                                                                                       ","H     ",1,"18,05",{"$f":"ROUND(F37*G37,2)","v":18.05}]
[null,"Sinapi Serv",88316,"SERVENTE COM ENCARGOS COMPLEMENTARES                                                                                                                                                                    ","H     ",2,"14,67",29.34]
[null,"Sinapi Serv",94962,"CONCRETO MAGRO PARA LASTRO. TRAÇO 1:4.5:4.5 (CIMENTO/ AREIA MÉDIA/ BRITA 1)  - PREPARO MECÂNICO COM BETONEIRA 400 L. AF_07/2016                                                                         ","M3    ",0.01,"291,02",2.91]
[null,null,"01.01.05","Custo Direto Total",null,null,null,{"$f":"SUBTOTAL(9,H33:H39)","v":388.25}]
[]
["01.02.01",null,"CPU0006","ESCAVAÇÃO MANUAL - ABERTURA DA CISTERNA - H=80CM","M3    "]
[null,"Sinapi Serv",88316,"SERVENTE COM ENCARGOS COMPLEMENTARES                                                                                                                                                                    ","H     ",3,"14,67",{"$f":"ROUND(F43*G43,2)","v":44.01}]
[null,null,"01.02.01","Custo Direto Total",null,null,null,{"$f":"SUBTOTAL(9,H43)","v":44.01}]
[]
["01.02.02",null,"CPU0007","REGULARIZAÇÃO COM SOLO-CIMENTO TRAÇO 1:20, ESP=10CM","M3    "]
[null,"Sinapi Ins",1379,"CIMENTO PORTLAND COMPOSTO CP II-32                                                                                                                                                                      ","KG    ",130,"0,52",{"$f":"ROUND(F47*G47,2)","v":67.599999999999994}]
[null,"Sinapi Serv",88316,"SERVENTE COM ENCARGOS COMPLEMENTARES                                                                                                                                                                    ","H     ",9.4117000000000006E-2,"14,67",{"$f":"ROUND(F48*G48,2)","v":1.38}]
[null,null,"01.02.02","Custo Direto Total",null,null,null,{"$f":"SUBTOTAL(9,H47:H48)","v":68.97999999999999}]
[]
["01.02.03",null,"CPU0008","REATERRO COMPACTADO LATERAL, CONFORME ESPECIFICADO EM PROJETO, COM APROVEITAMENTO DO MATERIAL ESCAVADO","M3    "]
[null,"Sinapi Serv",88316,"SERVENTE COM ENCARGOS COMPLEMENTARES                                                                                                                                                                    ","H     ",1.5,"14,67",{"$f":"ROUND(F52*G52,2)","v":22.01}]
[null,null,"01.02.03","Custo Direto Total",null,null,null,{"$f":"SUBTOTAL(9,H52)","v":22.01}]
[]
["01.02.04",null,"CPU0009","ESCAVACAO E CARGA MATERIAL DE JAZIDA 1A CATEGORIA","M3    "]
[null,"Sinapi Serv",5851,"TRATOR DE ESTEIRAS. POTÊNCIA 150 HP. PESO OPERACIONAL 16.7 T. COM RODA MOTRIZ ELEVADA E LÂMINA 3.18 M3 - CHP DIURNO. AF_06/2014                                                                         ","CHP   ",9.3457999999999996E-3,"152,14",{"$f":"ROUND(F56*G56,2)","v":1.42}]
[null,"Sinapi Serv",5944,"PÁ CARREGADEIRA SOBRE RODAS. POTÊNCIA 197 HP. CAPACIDADE DA CAÇAMBA 2.5 A 3.5 M3. PESO OPERACIONAL 18338 KG - CHP DIURNO. AF_06/2014                                                                    ","CHP   ",5.4206000000000002E-3,"130,82",0.71]
[null,"Sinapi Serv",5946,"PÁ CARREGADEIRA SOBRE RODAS. POTÊNCIA 197 HP. CAPACIDADE DA CAÇAMBA 2.5 A 3.5 M3. PESO OPERACIONAL 18338 KG - CHI DIURNO. AF_06/2014                                                                    ","CHI   ",3.9252000000000002E-3,"55,50",0.22]
[null,"Sinapi Serv",88316,"SERVENTE COM ENCARGOS COMPLEMENTARES                                                                                                                                                                    ","H     ",1.8691599999999999E-2,"14,67",0.27]
[null,null,"01.02.04","Custo Direto Total",null,null,null,{"$f":"SUBTOTAL(9,H56:H59)","v":2.62}]
[]
["01.02.05",null,"CPU0010","TRANSPORTE LOCAL MATERIAL DE JAZIDA DMT= 10KM - ROD. NÃO PAVIMENTADA","M3XKM "]
[null,"Sinapi Serv",67826,"CAMINHÃO BASCULANTE 6 M3 TOCO. PESO BRUTO TOTAL 16.000 KG. CARGA ÚTIL MÁXIMA 11.130 KG. DISTÂNCIA ENTRE EIXOS 5.36 M. POTÊNCIA 185 CV. INCLUSIVE CAÇAMBA METÁLICA - CHP DIURNO. AF_06/2014              ","CHP   ",1.111E-2,"110,14",{"$f":"ROUND(F63*G63,2)","v":1.22}]
[null,"Sinapi Serv",67827,"CAMINHÃO BASCULANTE 6 M3 TOCO. PESO BRUTO TOTAL 16.000 KG. CARGA ÚTIL MÁXIMA 11.130 KG. DISTÂNCIA ENTRE EIXOS 5.36 M. POTÊNCIA 185 CV. INCLUSIVE CAÇAMBA METÁLICA - CHI DIURNO. AF_06/2014              ","CHI   ",2.7799999999999999E-3,"38,96",0.11]
[null,null,"01.02.05","Custo Direto Total",null,null,null,{"$f":"SUBTOTAL(9,H63:H64)","v":1.33}]
[]
["01.02.06",null,"CPU0011","ESPALHAMENTO DO MATERIAL ESCAVADO NÃO UTILIZADO PARA  ATERRO","M3    "]
[null,"Sinapi Serv",88316,"SERVENTE COM ENCARGOS COMPLEMENTARES                                                                                                                                                                    ","H     ",3.3333000000000002E-2,"14,67",{"$f":"ROUND(F68*G68,2)","v":0.49}]
[null,null,"01.02.06","Custo Direto Total",null,null,null,{"$f":"SUBTOTAL(9,H68)","v":0.49}]
[]
["01.03.01",null,"CPU0012","ASSENTAMENTO DE TUBOS E CONEXÕES","M     "]
[null,"Sinapi Serv",88267,"ENCANADOR OU BOMBEIRO HIDRÁULICO COM ENCARGOS COMPLEMENTARES","H     ",0.1074,"17,76",{"$f":"ROUND(F72*G72,2)","v":1.91}]
[null,"Sinapi Serv",88316,"SERVENTE COM ENCARGOS COMPLEMENTARES                                                                                                                                                                    ","H     ",0.1074,"14,67",1.58]
[null,null,"01.03.01","Custo Direto Total",null,null,null,{"$f":"SUBTOTAL(9,H72:H73)","v":3.49}]
[]
["01.03.02",null,"CPU0013","CALHA EM CHAPA DE AÇO GALVANIZADO NÚMERO 26. DESENVOLVIMENTO DE 30 CM. INCLUSO TRANSPORTE VERTICAL. (SINAPI 94227 ADAPTADA)","M     "]
[null,"Sinapi Ins",1109,"CALHA QUADRADA DE CHAPA DE ACO GALVANIZADA NUM 26, CORTE 30 CM (SINAPI INS 1109 ADAPTADO)                                                                                                                   ","M     ",1.05,18.381818181818179,{"$f":"ROUND(F77*G77,2)","v":19.3}]
[null,"Sinapi Ins",142,"SELANTE ELASTICO MONOCOMPONENTE A BASE DE POLIURETANO (PU) PARA JUNTAS DIVERSAS                                                                                                                         ","310ML ",7.0000000000000001E-3,27.91,{"$f":"ROUND(F78*G78,2)","v":0.2}]
[null,"Sinapi Ins",5104,"REBITE DE ALUMINIO VAZADO DE REPUXO. 3.2 X 8 MM (1KG = 1025 UNIDADES)                                                                                                                                   ","KG    ",3.0000000000000001E-3,49.45,0.15]
[null,"Sinapi Serv",88316,"SERVENTE COM ENCARGOS COMPLEMENTARES                                                                                                                                                                    ","H     ",0.28199999999999997,"14,67",{"$f":"ROUND(F80*G80,2)","v":4.1399999999999997}]
[null,"Sinapi Serv",88323,"TELHADISTA COM ENCARGOS COMPLEMENTARES                                                                                                                                                                  ","H     ",0.188,"20,69",3.89]
[null,null,"01.03.02","Custo Direto Total",null,null,null,{"$f":"SUBTOTAL(9,H77:H81)","v":27.68}]
[]
["01.03.03",null,"CPU0014","INSTALAÇÃO DA BOMBA MANUAL","UN    "]
[null,"Sinapi Ins",4332,"PARAFUSO ZINCADO, SEXTAVADO, COM ROSCA INTEIRA, DIAMETRO 3/8\", COMPRIMENTO 2\"                                                                                                                           ","un    ",4,0.66,{"$f":"ROUND(F85*G85,2)","v":2.64}]
[null,"Sinapi Ins",4337,"PORCA ZINCADA, QUADRADA, DIAMETRO 5/8\"                                                                                                                                                                  ","un    ",4,1.54,6.16]
[null,"Sinapi Serv",88316,"SERVENTE COM ENCARGOS COMPLEMENTARES                                                                                                                                                                    ","H     ",0.7,"14,67",{"$f":"ROUND(F87*G87,2)","v":10.27}]
[null,null,"01.03.03","Custo Direto Total",null,null,null,{"$f":"SUBTOTAL(9,H85:H87)","v":19.07}]
[]
["01.03.04",null,"CPU0015","BLOCO DE ANCORAGEM 25 X 30 X 25CM","UN    "]
[null,"Composição","CPU0019","ARMAÇÃO UTILIZANDO AÇO CA-60 DE 5.0 MM - MONTAGEM.                                                                                                                                                      ","KG    ",0.96896800000000005,7.87,{"$f":"ROUND(F91*G91,2)","v":7.63}]
[null,"Sinapi Serv",88309,"PEDREIRO COM ENCARGOS COMPLEMENTARES                                                                                                                                                                    ","H     ",0.1,"18,18",1.82]
[null,"Sinapi Serv",88316,"SERVENTE COM ENCARGOS COMPLEMENTARES                                                                                                                                                                    ","H     ",0.15,"14,67",2.2000000000000002]
[null,"Sinapi Serv",94975,"CONCRETO FCK = 15MPA. TRAÇO 1:3.4:3.5 (CIMENTO/ AREIA MÉDIA/ BRITA 1)  - PREPARO MANUAL. AF_07/2016                                                                                                     ","M3    ",1.8464999999999999E-2,"406,32",7.5]
[null,"Sinapi Serv",97086,"FABRICAÇÃO. MONTAGEM E DESMONTAGEM DE FORMA PARA RADIER. EM MADEIRA SERRADA. 4 UTILIZAÇÕES. AF_09/2017                                                                                                  ","M2    ",7.3332999999999995E-2,"78,02",5.72]
[null,null,"01.03.04","Custo Direto Total",null,null,null,{"$f":"SUBTOTAL(9,H91:H95)","v":24.869999999999997}]
[]
[null,null,"CPU0019","ARMAÇÃO UTILIZANDO AÇO CA-60 DE 5.0 MM - MONTAGEM.","KG    "," 31/01/2020"]
[null,"Sinapi Ins",39017,"ESPACADOR / DISTANCIADOR CIRCULAR COM ENTRADA LATERAL. EM PLASTICO. PARA VERGALHAO *4.2 A 12.5* MM. COBRIMENTO 20 MM                                                                                    ","UN    ",0.97,0.13,{"$f":"ROUND(F99*G99,2)","v":0.13}]
[null,"Sinapi Ins",43059,"ACO CA-60. 4.2 MM. OU 5.0 MM. OU 6.0 MM. OU 7.0 MM. VERGALHAO                                                                                                                                           ","KG    ",1,5.5,5.5]
[null,"Sinapi Ins",43132,"ARAME RECOZIDO 16 BWG. D = 1.60 MM (0.016 KG/M) OU 18 BWG. D = 1.25 MM (0.01 KG/M)                                                                                                                      ","KG    ",2.5000000000000001E-2,10.75,0.27]
[null,"Sinapi Serv",88238,"AJUDANTE DE ARMADOR COM ENCARGOS COMPLEMENTARES                                                                                                                                                         ","H     ",1.55E-2,"13,92",0.22]
[null,"Sinapi Serv",88245,"ARMADOR COM ENCARGOS COMPLEMENTARES                                                                                                                                                                     ","H     ",9.4700000000000006E-2,"18,50",1.75]
[null,null,null,"Custo Direto Total",null,null,null,{"$f":"SUBTOTAL(9,H99:H103)","v":7.87}]
[]
["01.04.01",null,"CPU0016","TRANSP COMERC DO LOCAL DE ARMAZENAMENTO AO MUNICÍPIO DE INSTALAÇÃO EM RODOVIA PAVIMENTADA","UNXKM "]
[null,"Sinapi Serv",88316,"SERVENTE COM ENCARGOS COMPLEMENTARES                                                                                                                                                                    ","H     ",8.0321285140562242E-3,"14,67",{"$f":"ROUND(F107*G107,2)","v":0.12}]
[null,"Sinapi Serv",91031,"CAMINHÃO TRUCADO (C/ TERCEIRO EIXO) ELETRÔNICO - POTÊNCIA 231CV - PBT = 22000KG - DIST. ENTRE EIXOS 5170 MM - INCLUI CARROCERIA FIXA ABERTA DE MADEIRA - CHP DIURNO. AF_06/2015                         ","CHP   ",8.0321285140562242E-3,"142,88",1.1499999999999999]
[null,null,"01.04.01","Custo Direto Total",null,null,null,{"$f":"SUBTOTAL(9,H107:H108)","v":1.27}]
[]
["01.04.02",null,"CPU0017","TRANSP COMERC COM CAMINHAO CARROCERIA 9 T, RODOVIA PAVIMENTADA, NO MUNICÍPIO DE INSTALAÇÃO","UNXKM "]
[null,"Sinapi Serv",73467,"CAMINHÃO TOCO. PBT 14.300 KG. CARGA ÚTIL MÁX. 9.710 KG. DIST. ENTRE EIXOS 3.56 M. POTÊNCIA 185 CV. INCLUSIVE CARROCERIA FIXA ABERTA DE MADEIRA P/ TRANSPORTE GERAL DE CARGA SECA. DIMEN. APROX. 2.50 X 6","CHP   ",2.0080321285140562E-2,"102,17",{"$f":"ROUND(F112*G112,2)","v":2.0499999999999998}]
[null,"Sinapi Serv",88316,"SERVENTE COM ENCARGOS COMPLEMENTARES                                                                                                                                                                    ","H     ",4.0160642570281124E-2,"14,67",0.59]
[null,null,"01.04.02","Custo Direto Total",null,null,null,{"$f":"SUBTOTAL(9,H112:H113)","v":2.6399999999999997}]
[]
["01.04.03",null,"CPU0018","TRANSP COMERC COM CAMINHAO CARROCERIA 9 T, RODOVIA EM LEITO NATURAL, NO MUNICÍPIO DE INSTALAÇÃO","UNXKM "]
[null,"Sinapi Serv",73467,"CAMINHÃO TOCO. PBT 14.300 KG. CARGA ÚTIL MÁX. 9.710 KG. DIST. ENTRE EIXOS 3.56 M. POTÊNCIA 185 CV. INCLUSIVE CARROCERIA FIXA ABERTA DE MADEIRA P/ TRANSPORTE GERAL DE CARGA SECA. DIMEN. APROX. 2.50 X 6","CHP   ",3.0120481927710847E-2,"102,17",{"$f":"ROUND(F117*G117,2)","v":3.08}]
[null,"Sinapi Serv",88316,"SERVENTE COM ENCARGOS COMPLEMENTARES                                                                                                                                                                    ","H     ",6.0240963855421693E-2,"14,67",0.88]
[null,null,"01.04.03","Custo Direto Total",null,null,null,{"$f":"SUBTOTAL(9,H117:H118)","v":3.96}]

{"sheet":"Cronograma Físico-Financeiro","index":4,"n_rows":18,"n_cols":11,"rows_kept":18,"cut":false,"hidden":false,"merged":[[7,0,7,10]]}
[null,null,"MINISTÉRIO DO DESENVOLVIMENTO REGIONAL - MDR"]
[null,null,"COMPANHIA DE DESENVOLVIMENTO DOS VALES DO SÃO FRANCISCO E DO PARNAÍBA"]
[null,null,"ÁREA DE REVITALIZAÇÃO DAS BACIAS HIDROGRÁFICAS"]
[]
[]
["OBJETO:","TRANSPORTE E INSTALAÇÃO DE CISTERNAS PARA CAPTAÇÃO DA ÁGUA DA CHUVA - RIO GRANDE DO NORTE"]
[]
["CRONOGRAMA FÍSICO-FINANCEIRO"]
[]
["ITEM","ESPECIFICAÇÃO DOS SERVIÇOS","VALOR TOTAL (R$)","Mês 01","Mês 02","Mês 03","Mês 04","Mês 05","Mês 06","Mês 07","Total"]
["01.01",{"$f":"'CISTERNAS RGNORTE'!B14","v":"SERVIÇOS PRELIMINAES E CANTEIRO DE OBRAS                                                                                                                                                                "},{"$f":"'CISTERNAS RGNORTE'!I14","v":532745.77},{"$f":"('CISTERNAS RGNORTE'!I15+'CISTERNAS RGNORTE'!I16+'CISTERNAS RGNORTE'!I17+'CISTERNAS RGNORTE'!I18)/7+'CISTERNAS RGNORTE'!I19","v":103159.24428571429},{"$f":"('CISTERNAS RGNORTE'!I15+'CISTERNAS RGNORTE'!I16+'CISTERNAS RGNORTE'!I17+'CISTERNAS RGNORTE'!I18)/7","v":71597.754285714283},{"$f":"E11","v":71597.754285714283},{"$f":"F11","v":71597.754285714283},71597.754285714283,71597.754285714283,{"$f":"C11-SUM(D11:I11)","v":71597.75428571424},{"$f":"SUM(D11:J11)","v":532745.77}]
["01.02",{"$f":"'CISTERNAS RGNORTE'!B21","v":"INSTALAÇÃO DAS CISTERNAS                                                                                                                                                                    "},{"$f":"'CISTERNAS RGNORTE'!I21","v":893271.92999999993},{"$f":"C12/6/2","v":74439.327499999999},{"$f":"C12/6","v":148878.655},{"$f":"E12","v":148878.655},{"$f":"F12","v":148878.655},148878.655,148878.655,{"$f":"C12-SUM(D12:I12)","v":74439.327499999898},{"$f":"SUM(D12:J12)","v":893271.92999999993}]
["01.03",{"$f":"'CISTERNAS RGNORTE'!B29","v":"SERVIÇOS COMPLEMENTARES                                                                                                                                                                                 "},{"$f":"'CISTERNAS RGNORTE'!I29","v":1053061.3799999999},{"$f":"C13/6/2","v":87755.114999999991},{"$f":"C13/6","v":175510.22999999998},{"$f":"E13","v":175510.22999999998},{"$f":"F13","v":175510.22999999998},{"$f":"G13","v":175510.22999999998},{"$f":"H13","v":175510.22999999998},{"$f":"C13-SUM(D13:I13)","v":87755.114999999991},1053061.3799999999]
["01.04",{"$f":"'CISTERNAS RGNORTE'!B35","v":"TRANSPORTE DAS CISTERNAS                                                                                                                                                                                "},{"$f":"'CISTERNAS RGNORTE'!I35","v":72130.37},6010.8641666666663,12021.728333333333,12021.728333333333,12021.728333333333,12021.728333333333,12021.728333333333,6010.8641666666663,72130.37]
["02.01",{"$f":"'CISTERNAS RGNORTE'!B42","v":"MATERIAIS PARA INSTALAÇÃO DAS CISTERNAS"},{"$f":"'CISTERNAS RGNORTE'!I42","v":11602468.17},966872.34750000003,1933744.6950000001,1933744.6950000001,1933744.6950000001,1933744.6950000001,1933744.6950000001,966872.34750000015,11602468.17]
["02.02",{"$f":"'CISTERNAS RGNORTE'!B45","v":"MATERIAIS PARA INSTALAÇÃO DAS CISTERNAS (SERVIÇOS COMPLEMENTARES)"},{"$f":"'CISTERNAS RGNORTE'!I45","v":845769.41},70480.784166666665,140961.56833333333,140961.56833333333,140961.56833333333,140961.56833333333,140961.56833333333,70480.784166666679,845769.41]
[null,"VALOR TOTAL DA PLANILHA",{"$f":"SUM(C11:C16)","v":14999447.030000001},{"$f":"SUM(D11:D16)","v":1308717.6826190478},{"$f":"SUM(E11:E16)","v":2482714.6309523811},2482714.6309523811,2482714.6309523811,2482714.6309523811,2482714.6309523811,1277156.1926190476,{"$f":"SUM(D17:J17)","v":14999447.029999999}]
[null,"PERCENTUAL EXECUTADO",{"$f":"C17/C17","v":1},{"$f":"D17/$C$17","v":8.7251061989253059E-2},{"$f":"E17/$C$17","v":0.16552041058492148},0.16552041058492148,0.16552041058492148,0.16552041058492148,0.16552041058492148,8.5146885086139573E-2,{"$f":"SUM(D18:J18)","v":1.0000000000000002}]